Assembly of gSS-CUT exploitation system on slow starter clones and stimulation with ethylene gas (Record no. 54521)

MARC details
000 -LEADER
fixed length control field 00524nam a2200169Ia 4500
100 ## - MAIN ENTRY--AUTHOR NAME
Personal name Atminingsih
245 #0 - TITLE STATEMENT
Title Assembly of gSS-CUT exploitation system on slow starter clones and stimulation with ethylene gas
260 ## - PUBLICATION, DISTRIBUTION, ETC. (IMPRINT)
Name of publisher IRRDB International Rubber Conference 14-17 December 2011 Chiang
650 ## - SUBJECT ADDED ENTRY--TOPICAL TERM
Topical Term Ethylene gas
650 ## - SUBJECT ADDED ENTRY--TOPICAL TERM
Topical Term Exploitation system
650 ## - SUBJECT ADDED ENTRY--TOPICAL TERM
Topical Term Rubber
650 ## - SUBJECT ADDED ENTRY--TOPICAL TERM
Topical Term Slow starter clones
700 ## - ADDED ENTRY--PERSONAL NAME
Personal name Junaidi
700 ## - ADDED ENTRY--PERSONAL NAME
Personal name Sumarmadji
942 ## - ADDED ENTRY ELEMENTS (KOHA)
Koha item type Journals
Holdings
Withdrawn status Lost status Damaged status Not for loan Home library Current library Shelving location Date acquired Koha item type
      Journals RRII Library RRII Library Latex harvest technology 25/09/2013 Journals